000 00715nam a2200253Ia 4500
003 OSt
005 20220918180226.0
006 a|||||r|||| 00| 0
007 ta
008 220917b |||||||| |||| 00| 0 eng d
024 _a21,207
037 _cTextual
040 _aARTS
_cARTS
_beng
041 _2eng
_aeng
082 _aO111,3M12,CB, K7
100 _aDickens Charles
_911511
245 0 _aChristmas books Chaeles Dickens
260 _aLondon
_bCollins UK
_c1954
300 _a384p.
_ccm.
490 _aCollected words of Charles Dickens standard edition; 12
650 _aENGLISH LITERATURE
942 _hO111,3M12,CB, K7
_cTEXL
_2CC
999 _c160766
_d160766